| 000 | 00599nam a2200205 a 4500 | ||
|---|---|---|---|
| 001 | 2040 | ||
| 003 | CDMR | ||
| 005 | 20131115121801.0 | ||
| 008 | 130130s1983||||||||||||||||||||||||||||d | ||
| 020 | _a9686085742 | ||
| 040 |
_aCDMR _bcat _cCDMR |
||
| 100 | 1 |
_aRamonet, Ignacio _91519 |
|
| 245 | 1 | 3 |
_aLa golosina visual _b: imágenes sobre el consumo _cIgnacio Ramonet |
| 260 |
_aMéxico _c1983 _bG. Gili |
||
| 490 | 0 | _aPunto y línea | |
| 650 | 0 | 4 |
_9875 _aPublicitat _xInfluència |
| 650 | 0 | 4 |
_93509 _aSocietat de consum |
| 650 | 0 | 4 |
_93243 _aMitjans de comunicació de massa _xManipulació |
| 942 |
_cMON _2udc |
||
| 999 |
_c2040 _d2040 |
||